000 00774nam a2200265 i 4500
001 C2-0280226
003 PPAK
005 20180728011233.0
008 070619s2007 my a|||| ||||| | may d
020 _a9789833577071
040 _aPPAK
_beng
_cPPAK
_erda
082 0 4 _a381.33
_223
090 0 0 _a381.33
_bKEP
_dK
245 0 0 _aKepenggunaan dan teknologi maklumat
264 1 _aSeri Kembangan, Selangor :
_bPenerbitan PCT ,
_c2007
300 _a44 pages :
_billustrations ;
_c26 cm
336 _2rdacontent
_atext
337 _2rdamedia
_aunmediated
338 _2rdacarrier
_avolume
490 1 _aSiri kajian kepenggunaan
650 1 0 _aConsumer education.
700 0 _aNoor Azilawati Mohd Sabda,
_ecompile
830 0 _aSiri kajian kepenggunaan
942 _ddc
_cB
999 _c86795
_d86795